000
00259nam a2200121Ia 4500
008
221030s9999 xx 000 0 und d
041
_a
English
082
_a
105.23
_b
BE
245
0
_a
Operation Research
_b
FLOPPY
260
_c
2002
650
_a
Book
942
_c
CD
999
_c
100
_d
100